| 000 | 01215cam a2200409 a 4500 | ||
|---|---|---|---|
| 005 | 20260322212036.0 | ||
| 008 | data | ||
| 010 | _a 2011009180 | ||
| 019 | _a606772109 | ||
| 020 | _a9780816077830 | ||
| 020 | _a0816077827 (hardcover : alk. paper) | ||
| 020 | _a9780816077830 (pbk. : alk. paper) | ||
| 020 | _a0816077835 (pbk. : alk. paper) | ||
| 020 | _a0816077835 | ||
| 020 | _a9780816077823 (hardcover : alk. paper) | ||
| 040 |
_aDLC _cDLC _dBWX _dBTCTA _dYDXCP _dVKC _dVP@ _dBWX |
||
| 041 | 0 | 9 | _aeng |
| 042 |
_anlmcopyc _anlmcopyc |
||
| 043 | _an-us--- | ||
| 044 | _9United States | ||
| 050 | 0 | 0 |
_aSF756.28 _b.F54 2012 |
| 060 | 1 | 0 | _aSF 756.28 |
| 082 | 0 | 0 |
_a636.089023 _222 |
| 092 | _a636.08 Fie 2012 | ||
| 100 | 1 | _aField, Shelly. | |
| 245 | 1 | 0 |
_aCareer opportunities working with animals / _cShelly Field. |
| 246 | 3 | 0 | _aWorking with animals |
| 260 |
_aNew York : _bFerguson's, _cc2012. |
||
| 300 |
_axvi, 298 p. ; _c25 cm. |
||
| 490 | 1 | _aCareer opportunities | |
| 504 | _aIncludes bibliographical references and index. | ||
| 650 | 2 | _aVeterinary Medicine | |
| 650 | 2 | _aVocational Guidance | |
| 830 | 0 | _aFacts on File's career opportunities series. | |
| 994 |
_aCDN _b20120330 |
||
| 001 | data | ||
| 999 |
_c840 _d840 |
||